KOHA-Header-6

ICAP Step By Step English Composition (Record no. 7277)

000 -LEADER
fixed length control field 00283nam a2200109Ia 4500
100 ## - MAIN ENTRY--AUTHOR NAME
Personal name Waqar Ahmed Qadri
245 #0 - TITLE STATEMENT
Title ICAP Step By Step English Composition
260 ## - PUBLICATION, DISTRIBUTION, ETC. (IMPRINT)
Place of publication Karachi
Name of publisher Petiwala Book
Year of publication 2003
300 ## - PHYSICAL DESCRIPTION
Number of Pages 2004
942 ## - ADDED ENTRY ELEMENTS (KOHA)
Koha item type Books
Holdings
Withdrawn status Lost status Collection code Permanent Location Current Location Shelving location Date acquired Full call number Accession Number Koha item type
    English Literature MAJU MAJU Shelf No.A14 2019-09-12 658.52 1063 English Literature

Powered by Koha